| 000 | 00421cam a2200169ua 4500 | ||
|---|---|---|---|
| 020 | _c2.00 | ||
| 041 |
_amal _h |
||
| 082 |
_a894.8124 _bKRI/MA |
||
| 100 | _aKrishna Pillai, Kuttipuzha . | ||
| 245 |
_aManasollasam / _cKuttipuzha Krishna Pillai. _hTextual Documents |
||
| 260 |
_aThrissur : _bCurrent Books , _c1963. |
||
| 300 | _a118 ; . | ||
| 365 | _a2.00 | ||
| 504 | _a | ||
| 942 | _cBK | ||
| 999 |
_c5791 _d5791 |
||